[Event "BIH-chT2"]
[Site "Bosna"]
[Date "2017.08.30"]
[Round "9.5"]
[White "Corbadzic, Samir"]
[Black "Smajlovic, Samir"]
[Result "1-0"]
[WhiteElo "2137"]
[BlackElo "1723"]
[PlyCount "74"]
[EventDate "2017.08.25"]
[EventType "team-tourn"]
[EventRounds "9"]
[EventCountry "BIH"]
[SourceTitle "EXT 2019"]
[Source "ChessBase"]
[SourceDate "2018.10.10"]
[SourceVersion "1"]
[SourceVersionDate "2018.10.10"]
[SourceQuality "1"]

1. e4 g6 2. d4 Bg7 3. Nf3 b6 4. Nc3 Bb7 5. Bd3 Nc6 6. Be3 Nf6 7. h3 d6 8. a3 e6 9. Qd2 h6 10. 0-0-0 Qd7 11. Nh2 0-0-0 12. f4 h5 13. Rhf1 Ng8 14. Nf3 Nge7 15. g4 hxg4 16. hxg4 Rh3 17. Be2 Rdh8 18. Ng5 Rh2 19. Nxf7 R8h4 20. Bf2 Rxf2 21. Rxf2 Bxd4 22. Rff1 Ng8 23. Ng5 a6 24. Rh1 Rxh1 25. Rxh1 Bf6 26. Nf3 Qg7 27. g5 Bd8 28. Bd3 Nge7 29. Qh2 Qf7 30. Ne2 e5 31. Rf1 Qa2 32. Nc3 Qa1+ 33. Nb1 exf4 34. Qxf4 Qa2 35. e5 Nxe5 36. Nxe5 dxe5 37. Qxe5 Nc6 1-0

[Event "BIH-chT2"]
[Site "Bosna"]
[Date "2017.08.25"]
[Round "1.1"]
[White "Smajlovic, Samir"]
[Black "Hadzic, Sabahet"]
[Result "1/2-1/2"]
[WhiteElo "1723"]
[BlackElo "2019"]
[PlyCount "107"]
[EventDate "2017.08.25"]
[EventType "team-tourn"]
[EventRounds "9"]
[EventCountry "BIH"]
[SourceTitle "EXT 2019"]
[Source "ChessBase"]
[SourceDate "2018.10.10"]
[SourceVersion "1"]
[SourceVersionDate "2018.10.10"]
[SourceQuality "1"]

1. b3 Nf6 2. Bb2 d5 3. Nf3 Bf5 4. g3 e6 5. Bg2 Bd6 6. d3 Nbd7 7. Nbd2 0-0 8. 0-0 h6 9. Qe1 e5 10. c4 c6 11. cxd5 cxd5 12. e4 Bh7 13. Qe2 d4 14. Nc4 Bc7 15. a4 Re8 16. Rac1 Rc8 17. Bh3 g5 18. Nfd2 h5 19. Ba3 g4 20. Bg2 Nb6 21. Nxb6 Bxb6 22. Rxc8 Qxc8 23. Rc1 Qe6 24. Nc4 Rc8 25. Qd2 Nd7 26. Qg5+ Bg6 27. Bf1 Bd8 28. Qd2 Be7 29. Bxe7 Qxe7 30. h3 Kg7 31. hxg4 hxg4 32. Be2 Qe6 33. Qg5 f6 34. Qxg4 f5 35. Qg5 Qf6 36. Qxf6+ Kxf6 37. f3 b6 38. Kg2 Kg5 39. Rf1 f4 40. gxf4+ Kxf4 41. Rh1 a6 42. Rh4+ Kg5 43. Kg3 b5 44. axb5 axb5 45. Nxe5 Nxe5 46. f4+ Kf6 47. fxe5+ Kxe5 48. Rh6 Rc6 49. Bd1 Bxe4 50. Rxc6 Bxc6 51. b4 Bd7 52. Kf3 Bf5 53. Ke2 Bd7 54. Kd2 1/2-1/2